Fasizmusértelmezések a második világháború utáni Olaszországban
Elmentve itt :
| Szerző: | |
|---|---|
| További közreműködők: | |
| Dokumentumtípus: | Szakdolgozat |
| Megjelent: |
2004
|
| Tárgyszavak: | |
| Online Access: | http://diploma.bibl.u-szeged.hu/28657 |
| LEADER | 00588nta a2200157 i 4500 | ||
|---|---|---|---|
| 001 | dipl28657 | ||
| 005 | 20130314085806.0 | ||
| 008 | 110708s2004 hu om 0|| zxx d | ||
| 040 | |a SZTE Diploma Repozitórium |b hun | ||
| 041 | |a zxx | ||
| 100 | 1 | |a Koczkás Izabella | |
| 245 | 1 | 0 | |a Fasizmusértelmezések a második világháború utáni Olaszországban |h [elektronikus dokumentum] / |c Izabella Koczkás |
| 260 | |c 2004 | ||
| 650 | 4 | |a Jogi és igazgatási tanulmányok | |
| 700 | 1 | |a Majsa József |e ths | |
| 856 | 4 | 0 | |u http://diploma.bibl.u-szeged.hu/id/eprint/28657/1/2004_koczkas_izabella.pdf |z Dokumentum-elérés |